header

Risk management applications in pharmaceutical and biopharmaceutical manufacturing (Record no. 180295)

MARC details
000 -LEADER
fixed length control field 01330nam a2200313 a 4500
245 00 - TITLE STATEMENT
Title Risk management applications in pharmaceutical and biopharmaceutical manufacturing
260 ## - PUBLICATION, DISTRIBUTION, ETC. (IMPRINT)
Place of publication Hoboken, N.J. :
Name of publisher Wiley,
Year of publication 2013.
300 ## - PHYSICAL DESCRIPTION
Number of Pages xvii, 393 p., [12] p. of plates :
Other physical details col. ill.
650 #0 - SUBJECT ADDED ENTRY--TOPICAL TERM
Topical Term Pharmaceutical industry
700 1# - ADDED ENTRY--PERSONAL NAME
Personal name Mollah, A. Hamid.
Personal name Long, Mike.
Personal name Baseman, Harold S.
856 40 - ELECTRONIC LOCATION AND ACCESS
Uniform Resource Identifier http://site.ebrary.com/lib/rucke/Doc?id=10653895

No items available.

© 2026 Rongo University
Contact us: librarian | system librarian | Rongo university